000 01034nam a2200289Ia 4500
003 OSt
005 20220930091439.0
006 a|||||r|||| 00| 0
007 ta
008 220926b |||||||| |||| 00| 0 eng d
024 _a5937
037 _cTheses
040 _aCRL
_cCRL
_beng
041 _2eng
_aeng
100 _aSaini Reetika Au.
_9545686
110 _aUniversity of Delhi. Faculty of Medical Sciences. Department of Biochemistry
_9520387
245 0 _aEffect of severe perinatal asphyxia on pituitary and thyroid functions in the newborn
260 _c2012
300 _a84
_ap.
_ccm.
650 _aBIOCHEMISTRY
700 _a Prof. Bidhan Chandra Koner Gu.
_9545687
700 _a Prof. Pramod Lali Gu.
_9545688
700 _a Prof. Siddarth Ramji Gu.
_9545689
700 _aUniversity of Delhi. Faculty of Medical Sciences. Department of Biochemistry
_9520389
942 _cDIS
_2CC
999 _c882094
_d882094